000 00328nam a2200133Ia 4500
008 220216s9999 xx 000 0 und d
100 _aCharlesby A
245 0 _aAtomic radiation and polymer science
260 _bIRI Transactions
_c1958
300 _a175-199
650 _aAtomic radiation
650 _aPolymer
942 _cJS
999 _c54588
_d54588